000 00347nam a2200121Ia 4500
008 240731s9999 xx 000 0 und d
022 _a1532-5032
245 0 _aJournal of Loss and Trauma : International Perspectives on Stress & Coping
260 _bRoutledge
856 _uhttps://www.tandfonline.com/loi/upil20
942 _2ddc
942 _cTFEJ
999 _c77913
_d77913
945 _a1
_bMadushi Gamage
_c1
_dMadushi Gamage